[Event "BL 0809 SC Remagen - Werder Bremen"]
[Site "?"]
[Date "2009.02.01"]
[Round "11.5"]
[White "Nyback, Tomi"]
[Black "Degraeve, Jean-Marc"]
[Result "1-0"]
[WhiteElo "2639"]
[BlackElo "2544"]
[PlyCount "77"]
[EventDate "2009.??.??"]

1. d4 Nf6 2. c4 e6 3. Nc3 c5 4. e3 d5 5. Nf3 Nc6 6. a3 a6 7. dxc5 Bxc5 8. b4
Ba7 9. Bb2 O-O 10. Qc2 d4 11. exd4 Nxd4 12. Nxd4 Qxd4 13. Bd3 Qh4 14. g3 Qh6
15. Ne4 Nxe4 16. Bxe4 f5 17. Bg2 f4 18. c5 f3 19. Bf1 Bd7 20. Qc1 Qg6 21. Qe3
e5 22. O-O-O Ba4 23. Bd3 Qe6 24. Rd2 b6 25. Qe4 Qh6 26. g4 bxc5 27. g5 Qxg5 28.
Qxh7+ Kf7 29. Bc4+ Kf6 30. Re1 Rae8 31. Qd3 Bb8 32. h4 Qf5 33. Qe3 Bb5 34. Bd5
cxb4 35. Be4 Qh5 36. Rg1 bxa3 37. Qf4+ Ke6 38. Bd5+ Kd7 39. Rxg7+ 1-0

[Event "BL 0809 SC Remagen - Werder Bremen"]
[Site "?"]
[Date "2009.02.01"]
[Round "11.7"]
[White "Fish, Gennadij"]
[Black "Popovic, Petar"]
[Result "1/2-1/2"]
[WhiteElo "2531"]
[BlackElo "2489"]
[PlyCount "71"]
[EventDate "2009.??.??"]

1. d4 Nf6 2. c4 g6 3. Nc3 d5 4. Nf3 Bg7 5. Bg5 Ne4 6. Bf4 c6 7. e3 O-O 8. Be2
Nxc3 9. bxc3 dxc4 10. Bxc4 Nd7 11. O-O Nb6 12. Bb3 Nd5 13. Qd2 Nxf4 14. exf4 c5
15. Rfe1 cxd4 16. cxd4 b6 17. Qe3 Bb7 18. Qxe7 Bxf3 19. Qxd8 Raxd8 20. gxf3
Rxd4 21. Rad1 Rxf4 22. Kg2 Rd4 23. Rxd4 Bxd4 24. Re7 a5 25. a4 Bc5 26. Rd7 g5
27. f4 gxf4 28. Kf3 Kg7 29. Kxf4 Bxf2 30. Kf5 Bc5 31. Bd5 Bg1 32. h3 Bf2 33.
Kg5 Bd4 34. Bb3 Bc5 35. Bd5 Be3+ 36. Kf5 1/2-1/2

[Event "BL 0809 SC Remagen - Werder Bremen"]
[Site "?"]
[Date "2009.02.01"]
[Round "11.8"]
[White "Swinkels, Robin"]
[Black "Skripchenko, Almira"]
[Result "1-0"]
[WhiteElo "2451"]
[BlackElo "2455"]
[PlyCount "85"]
[EventDate "2009.??.??"]

1. e4 c5 2. Nf3 Nc6 3. d4 cxd4 4. Nxd4 Nf6 5. Nc3 e5 6. Ndb5 d6 7. Bg5 a6 8.
Na3 b5 9. Nd5 Be7 10. Bxf6 Bxf6 11. c4 b4 12. Nc2 a5 13. g3 O-O 14. h4 Be6 15.
Bh3 Rb8 16. b3 Bxd5 17. cxd5 Na7 18. Bf1 Qd7 19. Ne3 Bd8 20. Bh3 Qb7 21. Rc1
Bb6 22. Nf5 Bc5 23. Qg4 f6 24. Bf1 Kh8 25. h5 Qd7 26. Be2 Nb5 27. Bxb5 Rxb5 28.
Qe2 Rb6 29. h6 g6 30. Ng7 Bd4 31. Ne6 Rc8 32. Rxc8+ Qxc8 33. O-O Kg8 34. Qf3
Kf7 35. Ng5+ Ke7 36. Nxh7 Qh8 37. Rc1 Bc5 38. Qg4 Qg8 39. Nf8 Rb8 40. Rxc5 dxc5
41. Qd7+ Kxf8 42. Qd6+ Kf7 43. Qc7+ 1-0

[Event "BL 0809 SG Turm Trier - Turm Emsdetten"]
[Site "?"]
[Date "2009.02.01"]
[Round "11.2"]
[White "Bobras, Piotr"]
[Black "Feygin, Michael"]
[Result "1/2-1/2"]
[WhiteElo "2565"]
[BlackElo "2569"]
[PlyCount "64"]
[EventDate "2009.??.??"]

1. e4 e6 2. d4 d5 3. Nc3 Nf6 4. e5 Nfd7 5. f4 c5 6. Nf3 Nc6 7. Be3 a6 8. Qd2 b5
9. a3 g5 10. fxg5 cxd4 11. Nxd4 Ncxe5 12. Nf3 Bg7 13. Nxe5 Nxe5 14. O-O-O Nc6
15. Bc5 Bb7 16. Be2 Qc7 17. Rhf1 O-O-O 18. Bh5 Rd7 19. Qf2 Qxh2 20. g4 Qe5 21.
Rde1 Qxg5+ 22. Be3 Qd8 23. Bb6 Qg5+ 24. Be3 Qe5 25. Bc5 Qc7 26. Bb6 Qb8 27.
Bxf7 Rf8 28. Rxe6 Rdxf7 29. Qxf7 Rxf7 30. Rxf7 Nd8 31. Bxd8 Kxd8 32. Rxg7 Qf4+
1/2-1/2

[Event "BL 0809 SG Turm Trier - Turm Emsdetten"]
[Site "?"]
[Date "2009.02.01"]
[Round "11.3"]
[White "Janssen, Ruud"]
[Black "Cyborowski, Lukasz"]
[Result "1/2-1/2"]
[WhiteElo "2524"]
[BlackElo "2504"]
[PlyCount "79"]
[EventDate "2009.??.??"]

1. d4 Nf6 2. c4 e6 3. Nc3 d5 4. cxd5 Nxd5 5. e4 Nxc3 6. bxc3 c5 7. a3 Be7 8.
Nf3 O-O 9. Bd3 b6 10. Qe2 Bb7 11. O-O Nc6 12. Be3 Na5 13. Rfd1 Qc7 14. h4 Rad8
15. h5 Bc6 16. a4 Qb7 17. Nd2 Qd7 18. Bc2 cxd4 19. cxd4 Rc8 20. Nf3 Bb7 21. Bd3
Qd6 22. d5 Bf6 23. Rab1 exd5 24. exd5 Rfe8 25. Bb5 Red8 26. Ba6 Qe7 27. Bxb7
Nxb7 28. Qa6 Nc5 29. Bxc5 Rxc5 30. d6 Rxd6 31. Rxd6 Qxd6 32. Qxa7 h6 33. Qa8+
Qd8 34. Qxd8+ Bxd8 35. Re1 Bf6 36. Re8+ Kh7 37. Rb8 Ra5 38. Rxb6 Rxa4 39. Rb7
Ra5 40. Rxf7 1/2-1/2

[Event "BL 0809 SG Turm Trier - Turm Emsdetten"]
[Site "?"]
[Date "2009.02.01"]
[Round "11.4"]
[White "Jaracz, Pawel"]
[Black "Spoelman, Wouter"]
[Result "1-0"]
[WhiteElo "2513"]
[BlackElo "2459"]
[PlyCount "63"]
[EventDate "2009.??.??"]

1. d4 Nf6 2. c4 e6 3. Nf3 b6 4. g3 Ba6 5. Qb3 d5 6. cxd5 exd5 7. Nc3 Bd6 8. Bg5
c6 9. e3 Bxf1 10. Kxf1 O-O 11. e4 dxe4 12. Nxe4 Be7 13. Bxf6 Bxf6 14. Kg2 Nd7
15. Rad1 Re8 16. Nd6 Re6 17. Ne5 Nxe5 18. dxe5 Qc7 19. f4 g6 20. Rhf1 Rd8 21.
Ne4 Be7 22. h4 h5 23. Qf3 f5 24. exf6 Rxd1 25. Rxd1 Bxf6 26. Qb3 Kf7 27. f5
gxf5 28. Nd6+ Ke7 29. Nxf5+ Kf7 30. Nh6+ Ke7 31. Ng8+ Kf7 32. Rf1 1-0

[Event "BL 0809 SG Turm Trier - Turm Emsdetten"]
[Site "?"]
[Date "2009.02.01"]
[Round "11.5"]
[White "Brandenburg, Daan"]
[Black "Flumbort, Andras"]
[Result "0-1"]
[WhiteElo "2436"]
[BlackElo "2489"]
[PlyCount "64"]
[EventDate "2009.??.??"]

1. e4 c5 2. Nf3 d6 3. d4 cxd4 4. Nxd4 Nf6 5. Nc3 e6 6. Be3 Nc6 7. Bc4 Bd7 8.
O-O Na5 9. Bd3 a6 10. f4 Qc7 11. Kh1 Be7 12. Qf3 O-O 13. Rae1 b5 14. Qh3 e5 15.
Nf5 Bxf5 16. exf5 Nc4 17. Bc1 exf4 18. Bxc4 bxc4 19. Bxf4 Rfe8 20. Rd1 Rab8 21.
b3 Rbc8 22. Rf3 Bf8 23. Qh4 cxb3 24. cxb3 Qa5 25. Bd2 d5 26. Rg3 Kh8 27. h3 d4
28. Qxd4 Red8 29. Qf4 Bd6 30. Qf3 Bxg3 31. Ne4 Nxe4 32. Bxa5 Rxd1+ 0-1

[Event "BL 0809 SG Turm Trier - Turm Emsdetten"]
[Site "?"]
[Date "2009.02.01"]
[Round "11.6"]
[White "Gonda, Laszlo"]
[Black "De Vreugt, Dennis"]
[Result "0-1"]
[WhiteElo "2507"]
[BlackElo "2435"]
[PlyCount "56"]
[EventDate "2009.??.??"]

1. d4 Nf6 2. c4 e6 3. Nc3 Bb4 4. e3 c5 5. a3 Bxc3+ 6. bxc3 O-O 7. Bd3 Nc6 8.
Ne2 b6 9. e4 Ne8 10. O-O Ba6 11. f4 Na5 12. f5 f6 13. Rf3 cxd4 14. cxd4 exf5
15. Rh3 Bxc4 16. Bxc4+ Nxc4 17. Ng3 Qe7 18. exf5 Ned6 19. Bf4 Qf7 20. Rh4 Rae8
21. Qf3 Re7 22. h3 Rfe8 23. Rg4 Kh8 24. Kh2 Nb5 25. Qd3 d5 26. Rh4 Nbd6 27. Rf1
Re1 28. Rf3 Qe7 0-1

[Event "BL 0809 SG Turm Trier - Turm Emsdetten"]
[Site "?"]
[Date "2009.02.01"]
[Round "11.7"]
[White "Kabatianski, Alexandr"]
[Black "Galyas, Miklos"]
[Result "1/2-1/2"]
[WhiteElo "2436"]
[BlackElo "2454"]
[PlyCount "27"]
[EventDate "2009.??.??"]

1. d4 d5 2. c4 c6 3. e3 Bf5 4. cxd5 cxd5 5. Qb3 Qc7 6. Nc3 e6 7. Bd2 Nc6 8. Nf3
Nf6 9. Rc1 Be7 10. Ne5 O-O 11. Be2 h6 12. O-O Rfc8 13. f3 Qb6 14. Qxb6 1/2-1/2

[Event "BL 0809 SG Turm Trier - Turm Emsdetten"]
[Site "?"]
[Date "2009.02.01"]
[Round "11.8"]
[White "Cioara, Andrei Nestor"]
[Black "Richter, Christian"]
[Result "0-1"]
[WhiteElo "2452"]
[BlackElo "2403"]
[PlyCount "81"]
[EventDate "2009.??.??"]

1. e4 e5 2. Nf3 Nc6 3. d4 exd4 4. Nxd4 Nf6 5. Nxc6 bxc6 6. e5 Qe7 7. Qe2 Nd5 8.
c4 Ba6 9. b3 g6 10. f4 Qb4+ 11. Bd2 Qb6 12. Nc3 Bb4 13. Rc1 Bxc3 14. Bxc3 Nxf4
15. Qf3 Ne6 16. Qf6 Qe3+ 17. Kd1 Rf8 18. Bd2 Qd4 19. Kc2 d6 20. Re1 Kd7 21. Bd3
d5 22. Bb4 c5 23. Bc3 Qg4 24. g3 dxc4 25. Be4 Rab8 26. Rd1+ Kc8 27. Bc6 cxb3+
28. axb3 Rb6 29. Bf3 Qh3 30. Qe7 Bb7 31. Qd7+ Kb8 32. Bxb7 Qf5+ 33. Qd3 Qxd3+
34. Rxd3 Kxb7 35. Rd7 Kc8 36. Rhd1 Rc6 37. Re7 Nd4+ 38. Kb2 Kd8 39. Rxd4+ cxd4
40. Bb4 d3 41. e6 0-1

[Event "BL 0809 TV Tegernsee - SV Mülheim Nord"]
[Site "?"]
[Date "2009.02.28"]
[Round "12.1"]
[White "Kasimdzhanov, Rustam"]
[Black "Khenkin, Igor"]
[Result "0-1"]
[WhiteElo "2672"]
[BlackElo "2647"]
[PlyCount "80"]
[EventDate "2009.??.??"]

1. d4 Nf6 2. c4 e6 3. Nf3 Bb4+ 4. Bd2 Bxd2+ 5. Qxd2 O-O 6. Nc3 d5 7. e3 Qe7 8.
Rb1 Nc6 9. a3 Rd8 10. cxd5 exd5 11. Bd3 Bg4 12. Bc2 Bxf3 13. gxf3 Na5 14. Ne2
Nc4 15. Qc3 c5 16. dxc5 Rac8 17. b4 b6 18. Nd4 bxc5 19. Nf5 Qe6 20. bxc5 Rxc5
21. Rg1 g6 22. Rb7 Nxe3 23. Nh6+ Kg7 24. Qxc5 Nxc2+ 25. Kd1 Kxh6 26. Qxc2 Kg7
27. Re1 Qa6 28. Qb3 Rc8 29. Kd2 Qd6 30. Ree7 Rf8 31. Qe3 d4 32. Qb3 Nd5 33. Re4
Nc3 34. Ree7 Qf4+ 35. Kd3 Qxf3+ 36. Kxd4 Rd8+ 37. Kc5 Rd5+ 38. Kb4 Rd4+ 39. Ka5
Qf5+ 40. Ka6 Ra4+ 0-1

[Event "BL 0809 TV Tegernsee - SV Mülheim Nord"]
[Site "?"]
[Date "2009.02.28"]
[Round "12.3"]
[White "Tregubov, Pavel V"]
[Black "Bischoff, Klaus"]
[Result "1/2-1/2"]
[WhiteElo "2646"]
[BlackElo "2545"]
[PlyCount "49"]
[EventDate "2009.??.??"]

1. d4 Nf6 2. c4 g6 3. Nc3 Bg7 4. e4 d6 5. Nge2 Nbd7 6. Ng3 e5 7. d5 h5 8. Be2
h4 9. Nf1 Nc5 10. Qc2 a5 11. Bg5 Bf8 12. O-O-O Be7 13. Bd2 h3 14. Ne3 hxg2 15.
Nxg2 Bh3 16. Rhg1 Nfd7 17. Ne1 Na6 18. Be3 Ndc5 19. Qd2 Bf6 20. Nd3 b6 21. f3
Bd7 22. Rg2 Bh3 23. Rg3 Bd7 24. Rg2 Bh3 25. Rg3 1/2-1/2

[Event "BL 0809 TV Tegernsee - SV Mülheim Nord"]
[Site "?"]
[Date "2009.02.28"]
[Round "12.4"]
[White "Boensch, Uwe"]
[Black "Landa, Konstantin"]
[Result "1-0"]
[WhiteElo "2523"]
[BlackElo "2613"]
[PlyCount "103"]
[EventDate "2009.??.??"]

1. d4 Nf6 2. c4 e6 3. Nf3 d5 4. g3 dxc4 5. Bg2 Bb4+ 6. Bd2 a5 7. O-O O-O 8. a3
Bxd2 9. Nbxd2 b5 10. b3 cxb3 11. Qxb3 c6 12. Rfc1 Bb7 13. Qb2 Qe7 14. Ne5 Nd5
15. Nb3 f6 16. Nd3 Nb6 17. Nbc5 Bc8 18. e3 Re8 19. Qe2 Ra7 20. Be4 Qf7 21. h4
Nc4 22. Qc2 Kh8 23. Rd1 Rc7 24. Nf4 g6 25. Qc3 Nd7 26. Nxd7 Bxd7 27. Nd3 e5 28.
dxe5 fxe5 29. Nb2 Bg4 30. Nxc4 Qxc4 31. Qxc4 bxc4 32. Rd6 Kg7 33. Rc1 c5 34.
Rxc4 Rec8 35. Bxg6 Bf3 36. Bd3 Rb8 37. g4 e4 38. Bc2 h6 39. h5 Re8 40. Kh2 Re5
41. Bd1 Bxd1 42. Rxd1 Kf6 43. Kg3 Ke7 44. Kf4 Ke6 45. Rd8 Rf7+ 46. Kg3 Rf3+ 47.
Kg2 Rf7 48. Ra4 Rd7 49. Rh8 Kd5 50. Rxh6 Rg7 51. Kg3 Rf7 52. Rg6 1-0

[Event "BL 0809 TV Tegernsee - SV Mülheim Nord"]
[Site "?"]
[Date "2009.02.28"]
[Round "12.5"]
[White "Fridman, Daniel"]
[Black "Kindermann, Stefan"]
[Result "1-0"]
[WhiteElo "2630"]
[BlackElo "2517"]
[PlyCount "69"]
[EventDate "2009.??.??"]

1. d4 d5 2. c4 c6 3. Nf3 Nf6 4. Nc3 a6 5. a4 e6 6. g3 Bb4 7. Bg2 O-O 8. O-O
Nbd7 9. Qb3 a5 10. Bf4 b6 11. cxd5 cxd5 12. Nb5 Bb7 13. Ne1 Rc8 14. Nd3 Be7 15.
Rfd1 Ne4 16. Rac1 Rxc1 17. Rxc1 Qa8 18. Nc7 Qd8 19. Nb5 Qa8 20. h4 h6 21. Rc7
Rd8 22. Ne5 Nxe5 23. Bxe5 Bf8 24. Qf3 f6 25. Bh3 Re8 26. Bf4 f5 27. g4 Bc6 28.
gxf5 Bxb5 29. axb5 Qd8 30. Qh5 Re7 31. Rxe7 Bxe7 32. fxe6 Bxh4 33. Kg2 Bf6 34.
Qf7+ Kh8 35. Bc7 1-0

[Event "BL 0809 TV Tegernsee - SV Mülheim Nord"]
[Site "?"]
[Date "2009.02.28"]
[Round "12.6"]
[White "Bromberger, Stefan"]
[Black "Golod, Vitali"]
[Result "1-0"]
[WhiteElo "2504"]
[BlackElo "2584"]
[PlyCount "81"]
[EventDate "2009.??.??"]

1. d4 d5 2. c4 dxc4 3. e3 c5 4. Bxc4 Nf6 5. Nf3 e6 6. O-O a6 7. Bb3 Be7 8. Nc3
O-O 9. Qe2 cxd4 10. exd4 Nc6 11. Rd1 Na5 12. Bc2 b5 13. a4 Bb7 14. axb5 axb5
15. Bg5 b4 16. Bxf6 Bxf6 17. Ne4 Bd5 18. Ne5 Bxe5 19. dxe5 Qc7 20. Nf6+ gxf6
21. Bxh7+ Kh8 22. Qh5 Rg8 23. Bxg8+ Kxg8 24. Qg4+ Kf8 25. Rxd5 exd5 26. exf6
Qd8 27. Qxb4+ Kg8 28. Qg4+ Kf8 29. Qg7+ Ke8 30. b4 Kd7 31. Qxf7+ Kc6 32. bxa5
Rxa5 33. Rc1+ Kb6 34. Qe6+ Kb7 35. Rb1+ Kc7 36. Rc1+ Kb8 37. Qc6 Ka7 38. Rb1
Qb8 39. Qd7+ Ka6 40. Qe6+ Ka7 41. Qe7+ 1-0

[Event "BL 0809 TV Tegernsee - SV Mülheim Nord"]
[Site "?"]
[Date "2009.02.28"]
[Round "12.7"]
[White "Saltaev, Mihail"]
[Black "Hertneck, Gerald"]
[Result "1/2-1/2"]
[WhiteElo "2484"]
[BlackElo "2519"]
[PlyCount "88"]
[EventDate "2009.??.??"]

1. e4 e6 2. d4 d5 3. e5 c5 4. c3 Nc6 5. Nf3 Bd7 6. Be2 Nge7 7. Na3 cxd4 8. cxd4
Ng6 9. h4 Bb4+ 10. Kf1 O-O 11. h5 Nh8 12. h6 g6 13. Bg5 Be7 14. Bxe7 Qxe7 15.
Nc2 f6 16. exf6 Rxf6 17. Ne3 Raf8 18. Qd2 Rf4 19. Kg1 Qf6 20. Rd1 Nf7 21. Bb5
g5 22. Bxc6 bxc6 23. Nf1 Nxh6 24. Ng3 Be8 25. Re1 Nf5 26. Nxf5 exf5 27. Ne5 Re4
28. Rc1 g4 29. Rh6 Rxd4 30. Qe3 f4 31. Qxd4 Qxh6 32. Nxg4 Qg7 33. Ne5 Rf6 34.
Re1 Rg6 35. Qxf4 Rxg2+ 36. Kf1 Rg1+ 37. Ke2 Bh5+ 38. Kd2 Rxe1 39. Kxe1 Qg1+ 40.
Kd2 Qd1+ 41. Kc3 Qe1+ 42. Kd3 Qd1+ 43. Kc3 Qe1+ 44. Kd3 Qd1+ 1/2-1/2

[Event "BL 0809 TV Tegernsee - SV Mülheim Nord"]
[Site "?"]
[Date "2009.02.28"]
[Round "12.8"]
[White "Gross, David"]
[Black "Schebler, Gerhard"]
[Result "1/2-1/2"]
[WhiteElo "2485"]
[BlackElo "2467"]
[PlyCount "91"]
[EventDate "2009.??.??"]

1. e4 c5 2. Nf3 Nc6 3. Bb5 g6 4. O-O Bg7 5. Re1 Nf6 6. e5 Nd5 7. Nc3 Nc7 8.
Bxc6 dxc6 9. Ne4 b6 10. Nf6+ Kf8 11. Ne4 h6 12. h3 Kg8 13. d3 Be6 14. a3 a5 15.
Bf4 Kh7 16. Qe2 Nb5 17. c3 Qd7 18. Rad1 Rad8 19. a4 Nc7 20. c4 Qc8 21. d4 cxd4
22. Nxd4 c5 23. Nb5 Rxd1 24. Rxd1 Rd8 25. Rxd8 Qxd8 26. Nxc7 Qxc7 27. Nc3 Qd7
28. Qe4 f5 29. exf6 exf6 30. Qe2 f5 31. Nb5 Qf7 32. b3 Bd7 33. Nc7 Bc6 34. Qe6
Qxe6 35. Nxe6 Be4 36. Bc7 Bc2 37. Bxb6 Bxb3 38. Nxc5 Bxc4 39. Bxa5 Bd4 40. Bb6
Bxc5 41. Bxc5 f4 42. g3 fxg3 43. fxg3 Kg7 44. Kf2 Kf6 45. Ke3 Ke5 46. Bf8
1/2-1/2

[Event "BL 0809 Bayern München - SF Katernberg"]
[Site "?"]
[Date "2009.02.28"]
[Round "12.1"]
[White "Postny, Evgeny"]
[Black "Marcelin, Cyril"]
[Result "1-0"]
[WhiteElo "2674"]
[BlackElo "2494"]
[PlyCount "123"]
[EventDate "2009.??.??"]

1. d4 d5 2. c4 e6 3. Nf3 Nf6 4. g3 Bb4+ 5. Bd2 Be7 6. Bg2 O-O 7. O-O c6 8. Bf4
Nbd7 9. Nc3 Nh5 10. Bc1 Nhf6 11. b3 Ne4 12. Bb2 f5 13. e3 b5 14. Ne2 bxc4 15.
bxc4 Ba6 16. c5 Rb8 17. Qc2 Qa5 18. Rfb1 Bxe2 19. Qxe2 Rb7 20. Bc1 Rfb8 21.
Rxb7 Rxb7 22. Qc2 Qc3 23. Qxc3 Nxc3 24. Bf1 Bf6 25. Ba6 Rb8 26. Bd3 g6 27. Bd2
Ne4 28. Rb1 Rxb1+ 29. Bxb1 Nxd2 30. Nxd2 e5 31. dxe5 Bxe5 32. Nb3 Bc3 33. Bc2
Bb4 34. Nd4 Nb8 35. Ba4 Bxc5 36. Bxc6 Nxc6 37. Nxc6 Kf7 38. Ne5+ Ke6 39. Nf3 h6
40. Kf1 g5 41. Ke2 Bb6 42. Kd3 Bc5 43. Ng1 Be7 44. Ne2 Bf6 45. h3 h5 46. f3 Bb2
47. h4 gxh4 48. Nf4+ Kd6 49. gxh4 Bf6 50. Nxh5 Bxh4 51. Ng7 Ke5 52. f4+ Kf6 53.
Ne8+ Ke7 54. Nc7 Kd6 55. Nb5+ Kc5 56. Nd4 Kb4 57. Nxf5 Bf6 58. Nd4 a5 59. Nc6+
Ka3 60. Nxa5 Kxa2 61. Nc6 Kb3 62. Ne5 1-0

[Event "BL 0809 Bayern München - SF Katernberg"]
[Site "?"]
[Date "2009.02.28"]
[Round "12.3"]
[White "Glek, Igor V"]
[Black "Heinzel, Olaf"]
[Result "1-0"]
[WhiteElo "2512"]
[BlackElo "2378"]
[PlyCount "89"]
[EventDate "2009.??.??"]

1. e4 e5 2. d4 exd4 3. Qxd4 Nc6 4. Qe3 Nf6 5. Nc3 Bb4 6. Bd2 O-O 7. O-O-O Re8
8. Bc4 d6 9. Nh3 Be6 10. Bxe6 fxe6 11. Qg3 Ne5 12. Rhe1 Nh5 13. Qe3 Nc4 14. Qd4
b5 15. Bg5 c5 16. Qxc4 bxc4 17. Bxd8 Raxd8 18. e5 dxe5 19. Rxe5 Nf6 20. Rxd8
Rxd8 21. Nb1 c3 22. bxc3 Ba5 23. Rxc5 Bb6 24. Re5 Ng4 25. Rxe6 Nxh2 26. Nd2 Ng4
27. Re2 Rc8 28. Ne4 h6 29. Nf4 Rd8 30. Nd3 Rc8 31. Kd2 Ba5 32. f3 Nf6 33. Nxf6+
gxf6 34. Nb4 Kf7 35. Kd3 Rc5 36. Re4 h5 37. Rd4 Ke6 38. Rh4 Rg5 39. Nc6 Bb6 40.
Nd4+ Kd6 41. a4 Rxg2 42. Rxh5 Rf2 43. Rf5 Bd8 44. c4 Rf1 45. Rd5+ 1-0

[Event "BL 0809 Bayern München - SF Katernberg"]
[Site "?"]
[Date "2009.02.28"]
[Round "12.4"]
[White "Reich, Thomas"]
[Black "Seel, Christian"]
[Result "1/2-1/2"]
[WhiteElo "2404"]
[BlackElo "2494"]
[PlyCount "125"]
[EventDate "2009.??.??"]

1. d4 Nf6 2. c4 g6 3. Nc3 Bg7 4. e4 O-O 5. Be3 c6 6. f3 a6 7. a4 d6 8. Bd3 a5
9. Nge2 Na6 10. O-O Nb4 11. Bb1 Nd7 12. Qd2 Re8 13. Ra3 e5 14. d5 Qe7 15. Bh6
Nc5 16. Bxg7 Kxg7 17. Ng3 h5 18. Nd1 h4 19. Nh1 f5 20. exf5 gxf5 21. f4 e4 22.
Nhf2 cxd5 23. cxd5 b6 24. Rh3 Ba6 25. Ne3 Qf6 26. Re1 Kf7 27. Qd1 Rh8 28. Nxf5
Qxf5 29. Nxe4 Nxe4 30. Rxe4 Qxd5 31. Qxd5+ Nxd5 32. Ba2 Bb7 33. Rd4 Rac8 34.
Rhd3 Rc1+ 35. Kf2 Rc2+ 36. Kf3 h3 37. g4 Rxh2 38. Bxd5+ Bxd5+ 39. Rxd5 Rxb2 40.
Rxd6 Re8 41. Rd7+ Re7 42. Rxe7+ Kxe7 43. Ke4 h2 44. Rh3 b5 45. Rh7+ Kf8 46. g5
bxa4 47. f5 Rg2 48. f6 a3 49. g6 Rxg6 50. Rxh2 Kf7 51. Kd3 Rg3+ 52. Kc2 Kxf6
53. Kb1 Ke5 54. Ka2 Kd4 55. Rf2 Kc4 56. Rh2 Kb4 57. Rf2 a4 58. Rh2 Rb3 59. Rh4+
Kc3 60. Rh3+ Kd2 61. Rxb3 axb3+ 62. Kxb3 a2 63. Kxa2 1/2-1/2

[Event "BL 0809 Bayern München - SF Katernberg"]
[Site "?"]
[Date "2009.02.28"]
[Round "12.5"]
[White "Siebrecht, Sebastian"]
[Black "Terekhov, Andrey"]
[Result "1-0"]
[WhiteElo "2451"]
[BlackElo "2322"]
[PlyCount "65"]
[EventDate "2009.??.??"]

1. d4 d5 2. Nf3 Nf6 3. c4 c6 4. Nc3 a6 5. c5 g6 6. Bf4 Nh5 7. g3 Nxf4 8. gxf4
Bg7 9. Qd2 Bf5 10. e3 Nd7 11. Nh4 Bg4 12. Rg1 Bh5 13. Ng2 e6 14. Be2 Bxe2 15.
Kxe2 b6 16. b4 a5 17. a3 b5 18. Rac1 a4 19. Ne1 Nf6 20. Qd3 Rb8 21. Nf3 Qc7 22.
Kd2 Ng8 23. Kc2 Ne7 24. Kb2 Nf5 25. Ka2 Bf6 26. Rcd1 Qe7 27. Rge1 Kd7 28. e4
dxe4 29. Qxe4 Kc7 30. d5 exd5 31. Nxd5+ cxd5 32. Qxd5 Qf8 33. Qd7# 1-0

[Event "BL 0809 Bayern München - SF Katernberg"]
[Site "?"]
[Date "2009.02.28"]
[Round "12.6"]
[White "Deglmann, Ludwig"]
[Black "Ris, Robert"]
[Result "1-0"]
[WhiteElo "2342"]
[BlackElo "2417"]
[PlyCount "95"]
[EventDate "2009.??.??"]

1. g3 Nf6 2. Bg2 d5 3. Nf3 c6 4. O-O Bg4 5. Ne5 Bf5 6. d4 e6 7. b3 Nbd7 8. Nxd7
Qxd7 9. Bb2 Bd6 10. Re1 O-O 11. c4 Qe7 12. Nc3 Rad8 13. e3 Rfe8 14. Qe2 h6 15.
Rad1 Bg6 16. e4 Bh5 17. Bf3 Bxf3 18. Qxf3 Bb4 19. exd5 cxd5 20. c5 Bxc3 21.
Qxc3 Ne4 22. Qe3 f5 23. f3 Ng5 24. Kg2 Qf6 25. Qe5 Nf7 26. Qxf6 gxf6 27. f4 Ra8
28. b4 Nd8 29. Bc3 a6 30. a4 Nc6 31. Ra1 e5 32. fxe5 fxe5 33. dxe5 d4 34. Bd2
Rxe5 35. Rxe5 Nxe5 36. Rd1 Re8 37. Bf4 Ng4 38. Rxd4 Re2+ 39. Kf1 Rxh2 40. Rd7
h5 41. Rxb7 h4 42. gxh4 Rf2+ 43. Kg1 Rxf4 44. c6 Ne5 45. c7 Rg4+ 46. Kf2 Rf4+
47. Kg2 Rg4+ 48. Kh3 1-0

[Event "BL 0809 Bayern München - SF Katernberg"]
[Site "?"]
[Date "2009.02.28"]
[Round "12.7"]
[White "Souleidis, Georgios"]
[Black "Unzicker, Ferdinand Dr"]
[Result "1/2-1/2"]
[WhiteElo "2440"]
[BlackElo "2313"]
[PlyCount "132"]
[EventDate "2009.??.??"]

1. e4 c5 2. Nf3 Nc6 3. Bb5 g6 4. Bxc6 dxc6 5. d3 Bg7 6. h3 Nf6 7. Nc3 O-O 8.
Be3 b6 9. Qd2 e5 10. O-O-O Qd6 11. Bh6 a5 12. Nh2 a4 13. Ng4 Nh5 14. Bxg7 Kxg7
15. g3 f6 16. Ne2 b5 17. Kb1 Be6 18. c3 Rfd8 19. Qh6+ Kg8 20. f4 Ra7 21. Rhf1
Rad7 22. fxe5 fxe5 23. Qg5 Bxg4 24. hxg4 Ng7 25. Nc1 b4 26. Rf6 Qe7 27. Qh4
bxc3 28. Rxc6 cxb2 29. Kxb2 Rb7+ 30. Kc3 Qd7 31. Ne2 Rbb8 32. Qf6 Rf8 33. Qd6
Qxg4 34. Rd2 Rbe8 35. Qxc5 Rc8 36. Kb2 Rxc6 37. Qxc6 Rb8+ 38. Ka3 Qg5 39. Rc2
Rd8 40. Qc4+ Kh8 41. Qxa4 Rxd3+ 42. Kb2 h5 43. Qc4 Rd8 44. a4 Rb8+ 45. Ka2 Qe7
46. Rb2 Ra8 47. Nc3 Qe8 48. Rb5 Qf8 49. Kb3 Rc8 50. Qd5 Re8 51. a5 Qf6 52. Rb6
Re6 53. Qb7 g5 54. Rxe6 Nxe6 55. Qc8+ Kh7 56. a6 Nd4+ 57. Kc4 Qf7+ 58. Kb4 Qb3+
59. Ka5 Qa3+ 60. Kb6 Qd6+ 61. Kb7 Ne6 62. a7 Nd8+ 63. Ka8 Qc6+ 64. Kb8 Qb6+ 65.
Ka8 Qc6+ 66. Kb8 Qb6+ 1/2-1/2

[Event "BL 0809 Bayern München - SF Katernberg"]
[Site "?"]
[Date "2009.02.28"]
[Round "12.8"]
[White "Lentrodt, Thomas"]
[Black "Thesing, Matthias"]
[Result "1-0"]
[WhiteElo "2301"]
[BlackElo "2403"]
[PlyCount "79"]
[EventDate "2009.??.??"]

1. d4 d5 2. Nf3 Nf6 3. Bg5 Ne4 4. Bf4 c5 5. dxc5 Nc6 6. Nbd2 Nxc5 7. e3 g6 8.
Be2 Bg7 9. c3 O-O 10. Nb3 Ne4 11. h3 e5 12. Bh2 Be6 13. Nbd2 Nd6 14. O-O h6 15.
b4 f6 16. a4 Bf7 17. Qb1 Rc8 18. Qb2 Qe7 19. Bd1 e4 20. Nd4 Ne5 21. Be2 a6 22.
b5 a5 23. b6 Ndc4 24. Bxc4 Nxc4 25. Nxc4 Rxc4 26. Rfb1 f5 27. Qa3 Qd7 28. Rb5
Ra8 29. Bd6 Be8 30. Rxd5 Qf7 31. Rc5 Rxa4 32. Qb2 Rxa1+ 33. Qxa1 Qf6 34. Rc7 a4
35. Qa3 Rd8 36. Be7 Qxb6 37. Bxd8 Qb1+ 38. Kh2 Be5+ 39. g3 Bf7 40. Rxf7 1-0

[Event "BL 0809 Solinger SG - SC Kreuzberg"]
[Site "?"]
[Date "2009.02.28"]
[Round "12.1"]
[White "Luther, Thomas"]
[Black "Stellwagen, Daniel"]
[Result "1-0"]
[WhiteElo "2532"]
[BlackElo "2605"]
[PlyCount "79"]
[EventDate "2009.??.??"]

1. e4 c5 2. Nf3 e6 3. d4 cxd4 4. Nxd4 a6 5. Bd3 Bc5 6. Nb3 Be7 7. O-O d6 8. c4
Nc6 9. Nc3 Nf6 10. Be3 b6 11. Nd4 Ne5 12. Be2 Bb7 13. Qa4+ Kf8 14. f3 h5 15.
Nd1 Nfd7 16. b4 g5 17. Nf2 Bf6 18. Qb3 Ng6 19. Rfd1 Qe7 20. a4 Be5 21. a5 g4
22. axb6 gxf3 23. Bxf3 Nh4 24. Ra2 Rg8 25. Kh1 Qf6 26. Nh3 Nxf3 27. Nxf3 Bxe4
28. Nhg5 Qf5 29. Nxe4 Qxe4 30. Qd3 Qxd3 31. Rxd3 Rg4 32. b5 a5 33. c5 Rb4 34.
b7 Rb1+ 35. Bg1 Re8 36. c6 Nc5 37. Nxe5 dxe5 38. b8=Q Rxb8 39. c7 Re8 40. Rd8
1-0

[Event "BL 0809 Solinger SG - SC Kreuzberg"]
[Site "?"]
[Date "2009.02.28"]
[Round "12.3"]
[White "Figura, Atila Gajo"]
[Black "Werle, Jan"]
[Result "1/2-1/2"]
[WhiteElo "2412"]
[BlackElo "2582"]
[PlyCount "99"]
[EventDate "2009.??.??"]

1. d4 Nf6 2. c4 e6 3. Nc3 Bb4 4. Qc2 O-O 5. e4 d5 6. e5 Ne4 7. Bd3 c5 8. Nge2
cxd4 9. Nxd4 Nd7 10. Bf4 Ndc5 11. O-O Bxc3 12. bxc3 Bd7 13. Be3 Qc7 14. cxd5
exd5 15. f3 Nxd3 16. Qxd3 Nc5 17. Qd2 Qxe5 18. Nc6 Bxc6 19. Bxc5 Rfe8 20. Rfe1
Qc7 21. Rxe8+ Rxe8 22. Re1 b6 23. Rxe8+ Bxe8 24. Bd4 f6 25. Qe2 Bf7 26. Qd3 Be6
27. Qb5 Kf7 28. Qd3 h6 29. Qe2 h5 30. g3 Qd7 31. Qa6 Bh3 32. Kf2 Kg6 33. Qd3+
Bf5 34. Qa6 Bc2 35. Ke3 Kf7 36. Kd2 Ba4 37. c4 Bc6 38. c5 Bb5 39. Qa3 Kg6 40.
cxb6 axb6 41. Qb3 Qe8 42. Qxd5 Qe2+ 43. Kc3 Qe1+ 44. Kb3 Qd1+ 45. Kc3 Bc6 46.
Qc4 Qe1+ 47. Kb2 Bxf3 48. Bxb6 Be4 49. a4 Qd2+ 50. Ka3 1/2-1/2